=LDR 00000nam 2200000 4500 =001 INLIS000000000008629 =005 20210119074718 =035 ##$$a 0010-061300000008629 =008 210119################g##########0#ind## =041 ##$$a Ind =082 ##$$a 2x7.007 598 =090 ##$$a 297.47, Tai p =100 1#$$a Bakry, Hasbullah =245 1#$$a Pedoman Islam di Indonesia /$c Hasbullah Bakry =260 ##$$a Bandung :$b Bulan Bintang,$c 1981 =300 ##$$a 288 hlm, ; $c 21x14 cm =650 #4$$a Islam Pendidikan =084 ##$$a 2x7.007 598 BAK p =250 ##$$a cet.1 =020 ##$$a 979-456-010--9 =990 ##$$a 7.801/Pro-93 =990 ##$$a 1.896/Pro-94 =990 ##$$a 00051921 =990 ##$$a 68.677/Pro-94 =990 ##$$a DW00021598 =990 ##$$a DW00026686 =990 ##$$a DW0002548 =990 ##$$a 00091543 =990 ##$$a 00051921 =990 ##$$a 7.801/Pro-93 =990 ##$$a 1.896/Pro-94 =990 ##$$a 68.677/Pro-94 =990 ##$$a DW00021598 =990 ##$$a DW00026686 =990 ##$$a DW0002548 =990 ##$$a 00091543 =990 ##$$a 68.677/Pro-94 =990 ##$$a 7.801/Pro-93 =990 ##$$a 1.896/Pro-94 =990 ##$$a 00051921 =990 ##$$a DW00021598 =990 ##$$a DW00026686 =990 ##$$a DW0002548 =990 ##$$a 00091543 =990 ##$$a 1.896/Pro-94 =990 ##$$a 7.801/Pro-93 =990 ##$$a 00051921 =990 ##$$a 68.677/Pro-94 =990 ##$$a DW00021598 =990 ##$$a DW00026686 =990 ##$$a DW0002548 =990 ##$$a 00091543 =990 ##$$a 7.801/Pro-93 =990 ##$$a 1.896/Pro-94 =990 ##$$a 00051921 =990 ##$$a 68.677/Pro-94 =990 ##$$a DW00021598 =990 ##$$a DW00026686 =990 ##$$a DW0002548 =990 ##$$a 00091543